[Event "Najdorf Memorial"]
[Site "Warsaw POL"]
[Date "2015.07.12"]
[Round "3.4"]
[White "Krasenkow, Michal"]
[Black "Kanarek, Marcel"]
[Result "0-1"]
[WhiteElo "2610"]
[BlackElo "2508"]
[Annotator ""]
[Source ""]
[Remark ""]

1.Nf3 d5 2.d4 Nf6 3.c4 dxc4 4.Nc3 a6 5.e4 b5 6.e5 Nd5 7.a4 e6
8.axb5 Bb4 9.Qc2 Nb6 10.Be2 Bb7 11.bxa6 Nxa6 12.O-O Be7 13.Be3
Nb4 14.Qd2 O-O 15.Nb5 Qd7 16.Na3 Bd5 17.Bg5 Nc6 18.Bxe7 Qxe7
19.Nb5 Rxa1 20.Rxa1 Qd7 21.Qc3 Nxe5 22.dxe5 Qxb5 23.Nd4 Qd7 24.Nc2
Ra8 25.Rxa8+ Bxa8 26.Ne3 Bd5 27.Qb4 h6 28.h3 Qd8 29.Qc5 Nd7 30.Qd4
c5 31.Qc3 Qg5 32.Bxc4 Bc6 33.b4 cxb4 34.Qxb4 Qxe5 35.Bf1 Nf6
36.Ng4 Nxg4 37.Qxg4 Bb5 38.Bxb5 Qxb5 39.Qd4 Qd5 40.Qa4 g6 41.Qe8+
Kg7 42.Qe7 Qa5 43.g3 Qe1+ 44.Kg2 Qe4+ 45.Kg1 Qf3 46.Qe8 Qd1+
47.Kg2 Qd6 48.Kg1 e5 49.Qa8 Qd1+ 50.Kg2 Qd3 51.Qb8 Qd5+ 52.Kg1
Qe6 53.Kg2 Qf5 54.Qb7 h5 55.Qd5 Qf6 56.Qe4 Qd6 57.Qb7 Kf6 58.Qa8
Qe6 59.Qd8+ Kg7 60.Qa8 Qe7 61.Qd5 Qc7 62.Qe4 Qc3 63.Qb7 Qd4 64.Qc7
Qd5+ 65.Kg1 Qe4 66.Qb8 h4 67.gxh4 f6 68.h5 gxh5 69.Qc8 Kh6 70.Qh8+
Kg5 71.Qg8+ Qg6 72.Qc4 Kh6+ 73.Kh2 Qf5 74.Kg3 e4 75.Qb3 Qg5+
76.Kh2 Qf4+ 77.Kg2 Kg5 78.Qe6 Kh4 79.Kg1 e3 0-1

[Event "Najdorf Memorial"]
[Site "Warsaw POL"]
[Date "2015.07.12"]
[Round "3.5"]
[White "Meskovs, Nikita"]
[Black "Mista, Aleksander"]
[Result "0-1"]
[WhiteElo "2457"]
[BlackElo "2585"]
[Annotator ""]
[Source ""]
[Remark ""]

1.d4 Nf6 2.c4 d6 3.Nf3 Nbd7 4.Nc3 e5 5.g3 g6 6.Bg2 Bg7 7.O-O
O-O 8.h3 Re8 9.e4 exd4 10.Nxd4 Nc5 11.Re1 a5 12.b3 Bd7 13.Rb1
Qc8 14.Kh2 Re5 15.g4 h6 16.Bf4 Ne6 17.Nxe6 Rxe6 18.Qd2 g5 19.Be3
Bc6 20.f3 Nd7 21.Ne2 Nf8 22.h4 gxh4 23.Nf4 Re7 24.Rh1 Ng6 25.Kg1
Qf8 26.Nh5 Kh7 27.Bf2 Qh8 28.Bxh4 Nxh4 29.Rxh4 Bc3 30.Qe2 Qd4+
31.Kf1 Qd2 32.Rd1 Qxe2+ 33.Kxe2 a4 34.Kd3 Bh8 35.b4 b5 36.Rdh1
bxc4+ 37.Kc2 a3 38.Ng3 Re6 39.Nf5 Ba4+ 40.Kd2 c3+ 41.Kd3 c2 42.Nxh6
Bb2 43.Nf5+ Kg8 44.e5 Bxe5 45.f4 Bb2 46.Bxa8 c1Q 47.Rxc1 Bxc1
48.g5 Bb5+ 49.Kc2 Bb2 50.Bd5 Re2+ 51.Kd1 Bc3 52.Rh3 Rd2+ 53.Kc1
Ba4 54.Ne3 Re2 55.Nd1 Bb2+ 56.Nxb2 axb2+ 0-1

[Event "Najdorf Memorial"]
[Site "Warsaw POL"]
[Date "2015.07.12"]
[Round "3.6"]
[White "Warakomski, Tomasz"]
[Black "Zhigalko, Andrey"]
[Result "0-1"]
[WhiteElo "2449"]
[BlackElo "2574"]
[Annotator ""]
[Source ""]
[Remark ""]

1.e4 c5 2.Nf3 Nc6 3.Bb5 Nf6 4.Nc3 Qc7 5.O-O Nd4 6.h3 a6 7.Bc4
e6 8.a4 b6 9.d3 Bb7 10.Nxd4 cxd4 11.Ne2 Nxe4 12.Bxe6 dxe6 13.dxe4
Rd8 14.Bf4 e5 15.Bg3 Bxe4 16.Qe1 Be7 17.Nxd4 Rxd4 18.c3 Rc4 19.b3
Rxc3 20.Qxe4 f6 21.Qa8+ Qc8 22.Qa7 Kf7 23.Rad1 Qa8 24.Qd7 Rd8
25.Qg4 g6 26.Rxd8 Qxd8 27.Rd1 Qc8 28.Qh4 h5 29.Qe4 Rxb3 30.Qd5+
Qe6 31.Qa8 f5 32.Qh8 Qf6 33.Qc8 h4 34.Bh2 b5 35.axb5 axb5 36.Qc2
Rb4 37.Qc7 Qd6 38.Qc1 Rd4 39.Re1 f4 40.Kh1 b4 41.f3 b3 42.Bg1
Rd3 43.Qa1 Bf6 44.Qa7+ Qd7 45.Qb8 Qd8 46.Qb7+ Qd7 47.Qb8 Qd6
48.Qb7+ Be7 49.Ra1 Qb4 50.Qc7 Qc3 51.Qa7 b2 52.Qa2+ Qb3 0-1

[Event "Najdorf Memorial"]
[Site "Warsaw POL"]
[Date "2015.07.12"]
[Round "3.7"]
[White "Cheparinov, Ivan"]
[Black "Blahynka, Martin"]
[Result "1-0"]
[WhiteElo "2683"]
[BlackElo "2420"]
[Annotator ""]
[Source ""]
[Remark ""]

1.d4 Nf6 2.c4 e6 3.Nf3 b6 4.g3 Ba6 5.b3 Bb7 6.Bg2 Bb4+ 7.Bd2
a5 8.O-O O-O 9.Qc2 d6 10.Bc3 Nbd7 11.a3 Bxc3 12.Nxc3 c5 13.Rad1
Qe7 14.d5 exd5 15.Ng5 g6 16.Nxd5 Nxd5 17.Bxd5 Bxd5 18.Rxd5 Nf6
19.Rd3 Rae8 20.Re1 Nh5 21.Nf3 f5 22.Qd2 Rf6 23.Re3 Re6 24.Rxe6
Qxe6 25.Rd1 Nf6 26.e3 Ne4 27.Qd3 Rd8 28.a4 Kf8 29.Nd2 d5 30.Nf3
Nf6 31.Qc3 Kg8 32.Ng5 Qe7 33.cxd5 Nxd5 34.Qc4 Qxg5 35.Rxd5 Kg7
36.Qc3+ Kh6 37.Qe5 Rxd5 38.Qxd5 Qf6 39.Kg2 Kg7 40.h3 Kh6 41.g4
Kg7 42.Qb7+ Kh8 43.Qd7 Kg8 44.Qc8+ Kg7 45.Qc7+ Kh8 46.Qd7 Kg8
47.gxf5 gxf5 48.Kf3 h6 49.h4 Kh8 50.h5 Kg8 51.Kf4 Qg5+ 52.Ke5
Qxh5 53.Qxf5 Qh2+ 54.Ke6 h5 55.f4 Qh1 56.e4 Qd1 57.Qg6+ Kh8 58.Ke7
Qg4 59.Qxg4 hxg4 60.f5 g3 61.f6 g2 62.f7 g1Q 63.f8Q+ Kh7 64.Qf7+
Kh6 65.e5 Qg3 66.Qf6+ Kh7 67.Qf7+ Kh6 68.Kd6 Qh2 69.Qf6+ Kh7
70.Kc6 Qg3 71.Qf7+ Kh6 72.e6 Qxb3 73.Qf6+ Kh7 74.e7 Qxa4+ 75.Kc7 1-0

[Event "Najdorf Memorial"]
[Site "Warsaw POL"]
[Date "2015.07.12"]
[Round "3.8"]
[White "Efimenko, Zahar"]
[Black "Sadzikowski, Daniel"]
[Result "1/2-1/2"]
[WhiteElo "2652"]
[BlackElo "2477"]
[Annotator ""]
[Source ""]
[Remark ""]

1.e4 c6 2.d4 d5 3.e5 Bf5 4.c4 e6 5.Nc3 Nd7 6.cxd5 cxd5 7.Bd3
Bxd3 8.Qxd3 Ne7 9.Nge2 Nc6 10.O-O g6 11.b3 a6 12.Qg3 Nb6 13.Bg5
Be7 14.Bh6 Qc7 15.a4 Bf8 16.Bxf8 Rxf8 17.Rac1 Qe7 18.Rb1 Qb4
19.Qd3 Rc8 20.Rfc1 Kd7 21.Na2 Qa3 22.Qd2 h5 23.h3 Rfd8 24.Rc3
Qe7 25.a5 Na8 26.b4 Na7 27.Rc5 b6 28.axb6 Nxb6 29.Nac3 Ke8 30.Qa2
Qb7 31.b5 Nxb5 32.Nxb5 axb5 33.Rcxb5 Qa8 34.Ra5 Qc6 35.Ra6 Rb8
36.Qa5 Qc2 37.Raxb6 Rxb6 38.Qxb6 Qxe2 39.Rc1 Qd2 40.Qc5 Qg5 41.Rb1 1/2-1/2

[Event "Najdorf Memorial"]
[Site "Warsaw POL"]
[Date "2015.07.12"]
[Round "3.9"]
[White "Socko, Monika"]
[Black "Safarli, Eltaj"]
[Result "0-1"]
[WhiteElo "2472"]
[BlackElo "2649"]
[Annotator ""]
[Source ""]
[Remark ""]

1.d4 Nf6 2.c4 b6 3.Nc3 Bb7 4.f3 d5 5.cxd5 Nxd5 6.e4 Nxc3 7.bxc3
e5 8.Qa4+ Qd7 9.Qxd7+ Nxd7 10.Bc4 exd4 11.cxd4 c5 12.Ne2 a6 13.dxc5
Ne5 14.Bd5 Bxd5 15.exd5 Bxc5 16.Bg5 f6 17.Bf4 Nd3+ 18.Kd2 Nb4
19.d6 O-O-O 20.Rhc1 Kb7 21.Rxc5 bxc5 22.Nc3 Kc6 23.Ne4 Nd5 24.Bg3
f5 25.Ng5 f4 26.Bh4 Rxd6 27.Nf7 Rb8 28.Nxd6 Kxd6 29.Kc2 Ne3+
30.Kc3 Nxg2 31.Rd1+ Kc6 32.Be7 Re8 33.Rd6+ Kc7 34.Rd2 Rxe7 35.Rxg2
g6 36.Kc4 Re5 37.Rg4 g5 38.h4 h5 39.Rg1 gxh4 40.Rh1 Kd6 41.Rxh4
Rf5 42.a4 Ke6 43.a5 Kf6 44.Rh1 Re5 45.Rg1 h4 46.Rg4 Rh5 47.Rxf4+
Kg5 48.Rg4+ Kf5 49.Kxc5 h3 50.Rg1 Kf4+ 51.Kb6 Rh6+ 52.Kb7 h2
53.Rh1 Kxf3 54.Rxh2 Rxh2 55.Kxa6 Rb2 56.Ka7 Ke4 57.a6 Kd5 58.Ka8
Kc6 59.a7 Rd2 0-1

[Event "Najdorf Memorial"]
[Site "Warsaw POL"]
[Date "2015.07.12"]
[Round "3.10"]
[White "Klekowski, Maciej"]
[Black "Macieja, Bartlomiej"]
[Result "1-0"]
[WhiteElo "2475"]
[BlackElo "2586"]
[Annotator ""]
[Source ""]
[Remark ""]

1.c4 e5 2.g3 Nc6 3.Bg2 Bc5 4.Nc3 d6 5.e3 a6 6.Nge2 Ba7 7.d4 Nge7
8.b3 h5 9.dxe5 Nxe5 10.h3 Rb8 11.a4 Bf5 12.e4 Bd7 13.Bb2 g5 14.Qd2
Bc5 15.O-O-O Bxf2 16.Qxg5 N7g6 17.Qxd8+ Kxd8 18.Rhf1 Bc5 19.Nd5
c6 20.b4 Ba7 21.Nf6 Nxc4 22.Nxd7 Nxb2 23.Kxb2 Kxd7 24.Rxf7+ Ke6
25.Rdf1 Rhf8 26.R1f6+ Ke5 27.Rf5+ Ke6 28.Nf4+ Nxf4 29.R5f6+ 1-0

[Event "Najdorf Memorial"]
[Site "Warsaw POL"]
[Date "2015.07.12"]
[Round "3.11"]
[White "Tomczak, Jacek"]
[Black "Szczepkowska-horowska, Karina"]
[Result "1/2-1/2"]
[WhiteElo "2579"]
[BlackElo "2392"]
[Annotator ""]
[Source ""]
[Remark ""]

1.e4 c5 2.Nf3 Nc6 3.d4 cxd4 4.Nxd4 Nf6 5.Nc3 e5 6.Ndb5 d6 7.Bg5
a6 8.Na3 b5 9.Bxf6 gxf6 10.Nd5 f5 11.c3 Bg7 12.exf5 Bxf5 13.Nc2
O-O 14.Nce3 Be6 15.Bd3 f5 16.O-O Ra7 17.Qh5 Raf7 18.Rad1 Ne7
19.Bc2 Ng6 20.g3 f4 21.Ng4 Qc8 22.Nh6+ Bxh6 23.Qxh6 Rg7 24.Bxg6
Bxd5 25.Bc2 Bf3 26.Bb3+ Kh8 27.Qxd6 Bxd1 28.Rxd1 fxg3 29.hxg3
Qf5 30.Qd2 Re7 31.Qe3 e4 1/2-1/2

[Event "Najdorf Memorial"]
[Site "Warsaw POL"]
[Date "2015.07.12"]
[Round "3.12"]
[White "Markowski, Tomasz"]
[Black "Johannesson, Ingvar Thor"]
[Result "1-0"]
[WhiteElo "2566"]
[BlackElo "2372"]
[Annotator ""]
[Source ""]
[Remark ""]

1.d4 Nf6 2.c4 c5 3.d5 e6 4.Nc3 exd5 5.cxd5 d6 6.Nf3 g6 7.Bf4
a6 8.a4 Bg7 9.h3 O-O 10.e3 Qe7 11.Nd2 Nbd7 12.Be2 Ne8 13.O-O
Ne5 14.Qc2 f5 15.Bh2 Rb8 16.a5 Bd7 17.Rfe1 Nc7 18.Qb3 Kh8 19.Bf1
g5 20.f4 Nf7 21.Nf3 h6 22.e4 gxf4 23.Bxf4 fxe4 24.Nxe4 Ne5 25.Nxe5
Bxe5 26.Bxh6 Bd4+ 27.Kh1 Rxf1+ 28.Rxf1 Qxe4 29.Bf8 Nxd5 30.Qg3
Bc6 31.Rf7 Qxg2+ 32.Kxg2 Ne3+ 33.Kh2 1-0

[Event "Najdorf Memorial"]
[Site "Warsaw POL"]
[Date "2015.07.12"]
[Round "3.13"]
[White "Kveinys, Aloyzas"]
[Black "Nasuta, Grzegorz"]
[Result "1-0"]
[WhiteElo "2497"]
[BlackElo "2365"]
[Annotator ""]
[Source ""]
[Remark ""]

1.Nf3 Nf6 2.c4 g6 3.Nc3 d5 4.cxd5 Nxd5 5.Qb3 Nb6 6.d4 Bg7 7.Bf4
O-O 8.e3 Be6 9.Qa3 c6 10.Rc1 N8d7 11.Be2 Nc4 12.Qa4 Ndb6 13.Qc2
Bf5 14.e4 Bg4 15.b3 Nd6 16.Rd1 Bxf3 17.Bxf3 e6 18.O-O Qe7 19.Qc1
e5 20.Bg5 Bf6 21.dxe5 Bxg5 22.exd6 Qe5 23.Qc2 Rad8 24.Qd3 Bf4
25.g3 Rxd6 26.Qc2 Bh6 27.Rxd6 Qxd6 28.Rd1 Qc5 29.Rd3 Bg5 30.Qd1
Bf6 31.Qd2 Bg5 32.Qd1 Bf6 33.Ne2 Qa5 34.a4 Re8 35.h4 Kg7 36.Kg2
Kg8 37.Nf4 Kg7 38.h5 Bg5 39.Nh3 Bf6 40.Qc1 Qb4 41.Qf4 h6 42.hxg6
fxg6 43.e5 Qxf4 44.gxf4 Be7 45.a5 Nd5 46.Bxd5 cxd5 47.Rxd5 Rd8
48.Rb5 Rd7 49.f5 gxf5 50.e6 Rc7 51.Nf4 Kf8 52.Rxf5+ Ke8 53.Nd5
Rc6 54.f4 1-0

[Event "Najdorf Memorial"]
[Site "Warsaw POL"]
[Date "2015.07.12"]
[Round "3.14"]
[White "Swiercz, Dariusz"]
[Black "Kowalski, Igor"]
[Result "1-0"]
[WhiteElo "2634"]
[BlackElo "2146"]
[Annotator ""]
[Source ""]
[Remark ""]

1.d4 d5 2.Nf3 Nf6 3.c4 c6 4.Nc3 a6 5.e3 Bf5 6.Qb3 b5 7.c5 Nbd7
8.a4 e6 9.Qa3 Rb8 10.b4 Be7 11.Be2 O-O 12.O-O Qc7 13.Bb2 Ne4
14.h3 h6 15.Ra2 Ng5 16.Nxg5 Bxg5 17.axb5 axb5 18.Qa5 Qc8 19.Qa6
Qc7 20.Qa7 Qc8 21.Rfa1 Bc2 22.Qa6 Qc7 23.Qa5 Qc8 24.Qa3 Bf6 25.Bg4
Qc7 26.Ne2 Rfe8 27.Qc3 Be4 28.Qd2 Bg5 29.Nf4 Nf6 30.Bd1 Bh7 31.f3
Nd7 32.Nd3 Qg3 33.Ne5 Nxe5 34.dxe5 Red8 35.Qf2 Bh4 36.Qxg3 Bxg3
37.Bd4 Bd3 38.Ra3 Bc4 39.Bc2 g6 40.Ra6 Rbc8 41.Ra7 Kg7 42.f4
h5 43.Bd1 Bd3 44.R1a3 Be4 45.Kf1 Re8 46.Be2 Bh4 47.Bd3 Bxd3+
48.Rxd3 Ra8 49.Rda3 Rxa7 50.Rxa7 Re7 51.Ra6 Rc7 52.g4 hxg4 53.hxg4
Be7 54.Ke2 Bd8 55.Ra8 Be7 56.Kd3 Bh4 57.Bc3 Be7 58.e4 dxe4+ 59.Kxe4
Bh4 60.f5 g5 61.Re8 exf5+ 62.Kxf5 Kh7 63.e6 fxe6+ 64.Kxe6 Ra7
65.Re7+ Rxe7+ 66.Kxe7 Kg6 67.Kd7 1-0

[Event "Najdorf Memorial"]
[Site "Warsaw POL"]
[Date "2015.07.12"]
[Round "3.15"]
[White "Skawinski, Arkadiusz"]
[Black "Neiksans, Arturs"]
[Result "1-0"]
[WhiteElo "2358"]
[BlackElo "2597"]
[Annotator ""]
[Source ""]
[Remark ""]

1.e4 c5 2.Nf3 Nc6 3.c3 Nf6 4.e5 Nd5 5.d4 cxd4 6.cxd4 d6 7.Bc4
e6 8.O-O Be7 9.Qe2 O-O 10.Re1 b6 11.Nc3 Nxc3 12.bxc3 dxe5 13.dxe5
Bb7 14.Bd3 Qc7 15.Ng5 Bxg5 16.Bxg5 Ne7 17.Qg4 Ng6 18.Bxg6 fxg6
19.Qxe6+ Kh8 20.Re3 Rae8 21.Qd6 Qf7 22.f3 Re6 23.Qd4 Bc8 24.Rd1
h6 25.Bh4 g5 26.Bg3 Rc6 27.Qd5 Qe8 28.Qe4 Bf5 29.Qb4 Rf7 30.h4
Qe6 31.Qb3 Rd7 32.Rxd7 Qxd7 33.hxg5 hxg5 34.Re1 Be6 35.Qc2 Kg8
36.Rd1 Qc8 37.Qd2 Rc7 38.Qxg5 Rd7 39.Rd2 Rxd2 40.Qxd2 Qc4 41.a3
Qc5+ 42.Bf2 Qxa3 43.g4 Kf7 44.Kg2 Qe7 45.Kg3 a5 46.Bxb6 Qa3 47.f4
a4 48.f5 Bb3 49.Qd7+ Kg8 50.Qd8+ Kh7 51.g5 Bf7 52.g6+ Bxg6 53.fxg6+
Kxg6 54.Qd6+ 1-0

[Event "Najdorf Memorial"]
[Site "Warsaw POL"]
[Date "2015.07.12"]
[Round "3.16"]
[White "Piorun, Kacper"]
[Black "Deszczynski, Adam"]
[Result "1-0"]
[WhiteElo "2591"]
[BlackElo "2356"]
[Annotator ""]
[Source ""]
[Remark ""]

1.c4 e5 2.g3 Nc6 3.Nc3 g6 4.Bg2 Bg7 5.e4 d6 6.Nge2 Nge7 7.d3
O-O 8.O-O Be6 9.Nd5 Qd7 10.Be3 f5 11.Qd2 Rf7 12.Rac1 Raf8 13.f3
Nc8 14.exf5 Bxf5 15.d4 Bh3 16.dxe5 Nxe5 17.f4 Bxg2 18.Kxg2 Ng4
19.Bd4 Bxd4 20.Nxd4 c6 21.Nc3 Re7 22.Nc2 Qe6 23.Qd3 Ne3+ 24.Nxe3
Qxe3 25.Rcd1 Qc5 26.Rde1 Qf5 27.Qf3 Rfe8 28.Rxe7 Rxe7 29.g4 Qc5
30.f5 Qe3 31.Qd1 Rf7 32.Re1 Qf4 33.Re4 Qg5 34.Re8+ Rf8 35.Qe2
Qf6 36.Ne4 Qf7 37.Rxc8 Rxc8 38.Nxd6 Qd7 39.Nxc8 Qxc8 40.fxg6
hxg6 41.Qe4 Kf7 42.Kg3 Qh8 43.Qf4+ Ke6 44.Qe3+ Kf7 45.b3 a6 46.h4
Qa1 47.c5 Qb1 48.Qf4+ Ke6 49.Qd6+ 1-0

[Event "Najdorf Memorial"]
[Site "Warsaw POL"]
[Date "2015.07.12"]
[Round "3.17"]
[White "Dragun, Kamil"]
[Black "Stoma, Pawel"]
[Result "1-0"]
[WhiteElo "2586"]
[BlackElo "2353"]
[Annotator ""]
[Source ""]
[Remark ""]

1.e4 c6 2.d4 d5 3.e5 Bf5 4.Nf3 e6 5.Be2 c5 6.Be3 Nd7 7.Nbd2 Ne7
8.c4 dxc4 9.Nxc4 Nd5 10.Bg5 f6 11.exf6 gxf6 12.Bd2 Be4 13.O-O
a6 14.Nh4 Kf7 15.Re1 b5 16.Bh5+ Bg6 17.Qg4 Ne7 18.Nd6+ Kg7 19.Rxe6 1-0

[Event "Najdorf Memorial"]
[Site "Warsaw POL"]
[Date "2015.07.12"]
[Round "3.18"]
[White "Lewtak, Damian"]
[Black "Rozentalis, Eduardas"]
[Result "0-1"]
[WhiteElo "2341"]
[BlackElo "2530"]
[Annotator ""]
[Source ""]
[Remark ""]

1.d4 Nf6 2.c4 e6 3.Nf3 Bb4+ 4.Nbd2 c6 5.a3 Ba5 6.Qc2 d5 7.g3
dxc4 8.Qxc4 O-O 9.Bg2 Nbd7 10.O-O Bc7 11.Qc2 e5 12.Nxe5 Nxe5
13.dxe5 Bxe5 14.Nc4 Bc7 15.b4 Ng4 16.Bb2 Qg5 17.h3 Nf6 18.e4
Nh5 19.Qc3 f5 20.h4 Qg6 21.Ne5 Bxe5 22.Qxe5 f4 23.Rad1 f3 24.Bh1
Bh3 25.Rd6 Qg4 26.Re1 h6 27.Kh2 Rae8 28.Qc3 Re7 29.Rg1 Rxe4 30.Rd4
Rxd4 31.Qxd4 Qxd4 32.Bxd4 Bg4 33.Re1 Rd8 34.Bxa7 Ra8 35.Bd4 Rxa3
36.Re4 Bf5 37.Re7 b5 38.Rc7 Rd3 39.Be3 Be4 40.g4 Nf6 41.Kg3 Nxg4
42.Bxf3 Bxf3 43.Kxf3 Nf6 44.Rxc6 Rb3 45.Rb6 Rxb4 46.Bxh6 Nd7
47.Rd6 Ne5+ 48.Ke2 Nf7 0-1

[Event "Najdorf Memorial"]
[Site "Warsaw POL"]
[Date "2015.07.12"]
[Round "3.19"]
[White "Romanishin, Oleg M"]
[Black "Zujev, Oleg"]
[Result "1-0"]
[WhiteElo "2475"]
[BlackElo "2296"]
[Annotator ""]
[Source ""]
[Remark ""]

1.Nf3 Nf6 2.g3 g6 3.Bg2 Bg7 4.c4 d5 5.cxd5 Nxd5 6.O-O Nc6 7.Nc3
Nb6 8.d3 O-O 9.Be3 e5 10.Qd2 Re8 11.Bg5 f6 12.Bh6 Nd4 13.Bxg7
Kxg7 14.Rac1 c6 15.Ne4 Qe7 16.Rfe1 Be6 17.Nxd4 exd4 18.Nc5 Bd5
19.Bxd5 Nxd5 20.Nb3 Rad8 21.Nxd4 Qb4 22.Nf3 Qb6 23.a3 Ne7 24.Rc4
Nf5 25.Qc3 h5 26.Rf4 c5 27.Rc4 Nd4 28.Nxd4 Rxd4 29.Rxc5 Rxd3
30.Rc7+ Kh6 31.Qc1+ g5 32.Qc4 f5 33.Qxd3 Qxc7 34.Qxf5 Qd6 35.e4
Rf8 36.e5 Qc5 37.Qe6+ Kh7 38.Qd7+ Kh6 39.Qd6+ 1-0

[Event "Najdorf Memorial"]
[Site "Warsaw POL"]
[Date "2015.07.12"]
[Round "3.20"]
[White "Percivaldi, Martin"]
[Black "Sunilduth Lyna, Narayanan"]
[Result "0-1"]
[WhiteElo "2310"]
[BlackElo "2475"]
[Annotator ""]
[Source ""]
[Remark ""]

1.d4 Nf6 2.c4 e6 3.Nf3 c5 4.d5 exd5 5.cxd5 d6 6.Nc3 g6 7.Bf4
a6 8.a4 Bg7 9.e3 O-O 10.h3 Qe7 11.Be2 Nbd7 12.O-O Ne8 13.Re1
f5 14.Bc4 Ne5 15.Nxe5 Bxe5 16.Bxe5 Qxe5 17.Qd2 Nf6 18.Rab1 Ne4
19.Qd3 Bd7 20.a5 Rae8 21.f3 Nxc3 22.bxc3 Qg3 23.Qd2 Bc8 24.Bd3
Rf7 25.f4 Qh4 26.c4 Rfe7 27.Bc2 Qf6 28.Kf2 g5 29.g3 Rg7 30.Bd3
h5 31.Qb2 Qe7 32.Re2 Kf7 33.Rg1 Reg8 34.e4 gxf4 35.exf5 fxg3+
36.Kg2 Qf6 37.Qxf6+ Kxf6 38.Rge1 h4 39.Re4 Rh8 40.R4e3 Bd7 41.Re4
Rh5 42.R4e2 Bxf5 43.Rf1 Rf7 44.Re6+ Kg7 45.Bxf5 Rhxf5 46.Rxf5
Rxf5 47.Re4 Rf2+ 48.Kg1 Ra2 49.Rxh4 Rxa5 50.Re4 b5 51.Re6 bxc4
52.Re4 c3 53.Rc4 Ra1+ 54.Kg2 Rc1 55.Kxg3 c2 56.Kf2 Rh1 0-1

[Event "Najdorf Memorial"]
[Site "Warsaw POL"]
[Date "2015.07.12"]
[Round "3.21"]
[White "Matuszewski, Michal"]
[Black "Bednarek, Sylwester"]
[Result "0-1"]
[WhiteElo "2471"]
[BlackElo "2291"]
[Annotator ""]
[Source ""]
[Remark ""]

1.Nf3 e6 2.c4 f5 3.g3 Nf6 4.Bg2 d5 5.d3 Be7 6.O-O O-O 7.cxd5
exd5 8.Nc3 c6 9.e4 fxe4 10.dxe4 Nxe4 11.Nxe4 dxe4 12.Nd2 e3 13.Qb3+
Kh8 14.Qxe3 Na6 15.Ne4 Nb4 16.Qb3 a5 17.Be3 a4 18.Qc4 Qd3 19.Qc1
a3 20.Bc5 axb2 21.Qxb2 Bxc5 22.Nxc5 Qa3 23.Rfb1 Nd3 24.Nxd3 Qxd3
25.a4 Qf5 26.Ra3 Qf6 27.Rf3 Qd6 28.Qd2 Qd8 29.Qb4 Kg8 30.Qb3+
Kh8 31.Rd1 Qe8 32.Qb4 Rg8 33.Re3 Qh5 34.Rd4 c5 35.Qb5 Qg6 36.Be4
cxd4 37.Bxg6 dxe3 38.Qh5 exf2+ 39.Kg2 f1Q+ 40.Kxf1 h6 41.Bd3
Be6 42.Qg6 Rgf8+ 43.Ke1 Bg8 44.Bb5 Rad8 45.Qb6 Bd5 46.Qc7 Bf3
47.Qe7 Bg4 0-1

[Event "Najdorf Memorial"]
[Site "Warsaw POL"]
[Date "2015.07.12"]
[Round "3.22"]
[White "Nguyen, Piotr"]
[Black "Drozdowski, Kacper"]
[Result "1/2-1/2"]
[WhiteElo "2273"]
[BlackElo "2468"]
[Annotator ""]
[Source ""]
[Remark ""]

1.d4 d5 2.Bf4 Nf6 3.e3 g6 4.Nf3 Bg7 5.Nbd2 O-O 6.Be2 b6 7.b4
c5 8.c3 Nbd7 9.O-O a5 10.bxc5 bxc5 11.Qa4 c4 12.Rab1 Ba6 13.h3
Ra7 14.Rb2 Bb7 15.Rfb1 Qc8 16.Ne5 Nxe5 17.Bxe5 Bc6 18.Qa3 Qd7
19.Nf3 Rc8 20.Rb8 Ra8 21.Rxc8+ Rxc8 22.Qxa5 Ne4 23.Bxg7 Kxg7
24.Ne5 Qf5 25.Rf1 Ra8 26.Qc7 Be8 27.Qxe7 Nxc3 28.Bf3 Qe6 29.Qxe6
fxe6 30.Nxc4 Bb5 31.Rc1 Nxa2 32.Nb6 Nxc1 33.Nxa8 Kf6 34.Nc7 Bc4
35.Bg4 e5 36.h4 exd4 37.exd4 Nb3 38.Be6 Nxd4 39.Bxd5 Bxd5 40.Nxd5+
Ke5 41.Ne3 Kf4 42.Kh2 Ne2 43.Nd5+ Ke5 44.Nb4 Kf5 45.Kh3 Nf4+
46.Kg3 g5 47.hxg5 Kxg5 48.Nc6 h5 49.Ne5 h4+ 50.Kf3 Kf5 51.Nc4
Nd3 52.Ne3+ Kg5 53.Ke2 Nf4+ 54.Kf1 Nd3 55.Nc2 h3 1/2-1/2

[Event "Najdorf Memorial"]
[Site "Warsaw POL"]
[Date "2015.07.12"]
[Round "3.23"]
[White "Krzyzanowski, Marcin"]
[Black "Polok, Kacper"]
[Result "1-0"]
[WhiteElo "2427"]
[BlackElo "2213"]
[Annotator ""]
[Source ""]
[Remark ""]

1.d4 e6 2.Nf3 Nf6 3.g3 b5 4.Bg2 Bb7 5.O-O d5 6.c3 Bd6 7.a4 a6
8.Qd3 bxa4 9.Rxa4 Nbd7 10.Ra1 O-O 11.b4 c6 12.Ba3 Ne8 13.c4 dxc4
14.Qxc4 Nc7 15.Nbd2 Nb5 16.Ne4 Nb6 17.Qb3 Be7 18.Nc5 Qc7 19.Bb2
Rfd8 20.Rfd1 Nd7 21.Rdc1 Bf6 22.e3 Nxc5 23.bxc5 a5 24.Ra4 Rdb8
25.Rca1 h6 26.Qc2 Ra6 27.Nd2 e5 28.Ne4 exd4 29.Nxf6+ gxf6 30.exd4
Bc8 31.Qd2 Kg7 32.Bc1 Qe7 33.d5 cxd5 34.Qxh6+ Kg8 35.Rh4 1-0

[Event "Najdorf Memorial"]
[Site "Warsaw POL"]
[Date "2015.07.12"]
[Round "3.24"]
[White "Teclaf, Pawel"]
[Black "Krysztofiak, Marcin"]
[Result "1/2-1/2"]
[WhiteElo "2235"]
[BlackElo "2400"]
[Annotator ""]
[Source ""]
[Remark ""]

1.e4 e5 2.Nf3 Nc6 3.Bb5 a6 4.Ba4 Nf6 5.O-O b5 6.Bb3 Bc5 7.d3
d6 8.a4 Rb8 9.axb5 axb5 10.Be3 O-O 11.Nc3 Bg4 12.h3 Bxf3 13.Qxf3
Nd4 1/2-1/2

[Event "Najdorf Memorial"]
[Site "Warsaw POL"]
[Date "2015.07.12"]
[Round "3.25"]
[White "Vydeslaver, Alik"]
[Black "Reza, Wojciech"]
[Result "1/2-1/2"]
[WhiteElo "2398"]
[BlackElo "2212"]
[Annotator ""]
[Source ""]
[Remark ""]

1.e4 e5 2.Nf3 Nc6 3.Bc4 Bc5 4.c3 Nf6 5.d3 d6 6.Bg5 O-O 7.Nbd2
a6 8.Bb3 h6 9.Bh4 Be6 10.Nc4 Bxc4 11.Bxc4 Na5 12.Bb3 Nxb3 13.axb3
Qe7 14.b4 Bb6 15.O-O Qe6 16.Nd2 c6 17.Qb3 Qe7 18.Nc4 Ba7 19.Ne3
Bxe3 20.fxe3 g5 21.Bg3 Qe6 22.Qxe6 fxe6 23.h3 Nd7 24.Bh2 Rxf1+
25.Kxf1 Rf8+ 26.Ke2 Kf7 1/2-1/2

[Event "Najdorf Memorial"]
[Site "Warsaw POL"]
[Date "2015.07.12"]
[Round "3.26"]
[White "Czerwonski, Aleksander"]
[Black "Wisniowska, Klaudia"]
[Result "1-0"]
[WhiteElo "2375"]
[BlackElo "2186"]
[Annotator ""]
[Source ""]
[Remark ""]

1.d4 Nf6 2.c4 g6 3.Nc3 Bg7 4.e4 d6 5.f3 O-O 6.Bg5 Nc6 7.Nge2
a6 8.Qd2 Rb8 9.h4 h5 10.Bh6 b5 11.g4 e5 12.d5 Nd4 13.Nxd4 Bxh6
14.Qxh6 exd4 15.Ne2 bxc4 16.Nxd4 Rxb2 17.Nc6 Qe8 18.gxh5 Ng4
19.Qg5 Ne5 20.Nxe5 Qxe5 21.Qxe5 dxe5 22.Bxc4 gxh5 23.Rc1 a5 24.Be2
Rxa2 25.Rg1+ Kh7 26.Rg5 a4 27.Rxh5+ Kg6 28.Rxe5 Rh8 29.Rc6+ f6
30.Rg5+ 1-0

[Event "Najdorf Memorial"]
[Site "Warsaw POL"]
[Date "2015.07.12"]
[Round "3.27"]
[White "Hnydiuk, Aleksander"]
[Black "Woloch, Oskar"]
[Result "1/2-1/2"]
[WhiteElo "2370"]
[BlackElo "2108"]
[Annotator ""]
[Source ""]
[Remark ""]

1.Nf3 Nc6 2.d4 d5 3.c4 Bg4 4.Nc3 e6 5.Bf4 Bxf3 6.gxf3 Nf6 7.e3
Bd6 8.Bg5 dxc4 9.Bxc4 h6 10.Bh4 Be7 11.Rg1 O-O 12.f4 Kh8 13.Bxf6
Bxf6 14.Qh5 Ne7 15.O-O-O c6 16.Bd3 Nd5 17.Ne4 Rc8 18.Kb1 b6 19.Bc2
c5 20.dxc5 bxc5 21.Nxf6 Qxf6 22.Qe5 Qxe5 23.fxe5 Rb8 24.Kc1 Rb4
25.a3 Rh4 26.Rg2 Rh5 27.Rdg1 Rg8 28.Bd1 Rxe5 29.Rg4 Nb6 30.Be2
Rd5 31.Rf4 Rf8 32.h4 f5 33.h5 Kg8 34.Rg6 Kf7 35.Rf3 Re5 36.Bd3
Nd5 37.Rfg3 Rg8 38.Bc4 Ne7 39.f4 Re4 40.Bd3 Ra4 41.Bb5 Ra5 42.Bc4
Nxg6 43.Rxg6 Re8 44.Kc2 Re7 1/2-1/2

[Event "Najdorf Memorial"]
[Site "Warsaw POL"]
[Date "2015.07.12"]
[Round "3.28"]
[White "Snihur, Piotr"]
[Black "Bilguun, Sumiya"]
[Result "1/2-1/2"]
[WhiteElo "2124"]
[BlackElo "2361"]
[Annotator ""]
[Source ""]
[Remark ""]

1.d4 d5 2.c4 e6 3.Nf3 c6 4.e3 Nf6 5.Nbd2 Nbd7 6.Bd3 dxc4 7.Nxc4
c5 8.O-O b5 9.Nce5 c4 10.Be2 a6 11.a4 Bb7 12.axb5 axb5 13.Rxa8
Qxa8 14.b3 Nxe5 15.dxe5 Nd5 16.Qd4 Be7 17.bxc4 bxc4 18.Bxc4 O-O
19.Bb2 Nb4 20.Qg4 Bd5 21.Bxd5 Qxd5 22.Ba3 Nc6 23.Bxe7 Nxe7 24.h4
Rc8 25.Ra1 h6 26.Qd4 Qb5 27.h5 Nd5 28.Qh4 1/2-1/2

[Event "Najdorf Memorial"]
[Site "Warsaw POL"]
[Date "2015.07.12"]
[Round "3.29"]
[White "Rajlich, Iweta"]
[Black "Paszewski, Mateusz"]
[Result "0-1"]
[WhiteElo "2409"]
[BlackElo "2252"]
[Annotator ""]
[Source ""]
[Remark ""]

1.g3 d5 2.Bg2 Nf6 3.d4 c6 4.Nf3 Bf5 5.O-O h6 6.c4 e6 7.Nc3 Nbd7
8.Qb3 Qb6 9.c5 Qc7 10.Bf4 Qc8 11.Qd1 Be7 12.b4 Ne4 13.Nxe4 Bxe4
14.Qb3 g5 15.Bd2 Bf6 16.Bc3 Bxf3 17.Bxf3 O-O 18.e4 dxe4 19.Bxe4
Bg7 20.Rae1 Nf6 21.f4 gxf4 22.Rxf4 Nxe4 23.Rexe4 Qd7 24.Rh4 Rae8
25.Rh5 f5 26.Reh4 f4 27.Qc4 fxg3 28.hxg3 Qf7 29.Qe2 Qf3 30.Qxf3
Rxf3 31.Be1 Rd3 32.Kg2 Ra3 33.Rg4 Rxa2+ 34.Kh3 Ra1 35.Re5 Rd1
36.Ree4 Kf7 37.Rgf4+ Bf6 38.Rf3 Kg6 39.g4 Bxd4 40.Bg3 Bg7 41.Bd6
Rd4 42.Rfe3 Rxe4 43.Rxe4 e5 44.Kg3 Kf6 45.Kf3 Ke6 46.Re1 Kd5
47.Rd1+ Ke6 48.Ke4 Bf6 49.Bc7 Rg8 50.Rd6+ Ke7 51.g5 Bxg5 52.Kxe5
Rc8 53.Ba5 Rf8 54.Re6+ Kf7 55.Rd6 Kg7 56.Rd1 Rf7 57.Ke6 Kg6 58.Rg1
Re7+ 59.Kd6 Rg7 60.Ke6 h5 61.b5 cxb5 62.Bd2 Kh6 63.Rxg5 Rxg5
64.Kf6 h4 65.Bxg5+ Kh5 66.Kf5 h3 67.Bf4 b4 68.Ke4 b3 69.Kd3 a5
70.Kc3 a4 71.Be5 Kg4 72.Kb2 Kf3 73.Ka3 Kg2 0-1